Vista normal Vista MARC

Entrada Topical Term

Número de registros utilizados en: 1

001 - CONTROL NUMBER

  • control field: 9296

003 - CONTROL NUMBER IDENTIFIER

  • control field: OSt

005 - DATE AND TIME OF LATEST TRANSACTION

  • control field: 20200826152856.0

008 - FIXED-LENGTH DATA ELEMENTS

  • fixed length control field: 200826|| aca||aabn | a|a d

040 ## - CATALOGING SOURCE

  • Original cataloging agency: OSt
  • Transcribing agency: OSt

150 ## - HEADING--TOPICAL TERM

  • Topical term or geographic name entry element: Desarrollo Infantil
  • Geographic subdivision: Colombia

670 ## - SOURCE DATA FOUND

  • Source citation: Work cat.: (OSt)3620: Báez, Dora Inés, autora 9294, Didáctica de la ciencia integrada /, 1996.